Manual de laboratorio de suelos en ingeniería civil

Guardat en:
Dades bibliogràfiques
Autor principal: Bowles, Joseph E (Autor)
Format: Llibre
Idioma:espanyol
Publicat: Bogotá McGraw-Hill 1980
Matèries:
Etiquetes: Afegir etiqueta
Sense etiquetes, Sigues el primer a etiquetar aquest registre!

MARC

LEADER 00000nam a2200000 a 4500
001 UCU6309
003 CL-VaPUC
008 960614e19800000CK |||||||||||||||||spa|d
082 0 4 |a 624.151  |b BOW  |2 21 
100 0 |a Bowles, Joseph E  |e author  |9 364514 
245 1 0 |a Manual de laboratorio de suelos en ingeniería civil 
300 |a 213 p 
942 |c BK 
945 |d 19960614 00:00:00  |a paguirre 
260 |a Bogotá  |b McGraw-Hill  |c 1980 
500 |a Incluye 25 formatos 
650 7 |a MECANICA DEL SUELO  |2 CL-VaPUC  |9 350104 
650 0 |a Suelos  |9 260322 
650 0 |a Propiedades del suelo  |9 350106 
650 7 |a FISICA DEL SUELO  |2 CL-VaPUC  |9 350105 
650 0 |a Ingeniería civil  |9 260076 
583 |a last modification  |c 19960614 00:00:00  |k Rodrigo Vera 
999 |c 249304  |d 249302 
952 |0 0  |1 0  |4 0  |6 624_151000000000000_BOW_1980  |7 0  |8 A  |9 266495  |a BIBING  |b BIBING  |d 2019-11-19  |i 1687042  |o 624.151 BOW 1980  |p 1687042  |r 2025-01-20  |w 2019-11-19  |y BK  |k CCL 
952 |0 0  |1 0  |4 0  |6 624_151000000000000_BOW_1980  |7 0  |8 A  |9 266496  |a BIBING  |b BIBING  |d 2019-11-19  |i 1687077  |l 1  |o 624.151 BOW 1980  |p 1687077  |r 2025-01-20  |s 2023-05-19  |w 2019-11-19  |y BK  |k CCL